000
00282nam a22001097a 4500
008
170120b xxu||||| |||| 00| 0 eng d
020
_a
9780766825208
041
_a
eng
080
_2
2ND
_a
618.2
245
_a
LEGAL ASPECTS OF HEALTH INFORMATION MANAGEMENT
_c
MCWAY, D.C
942
_2
udc
_c
BK
999
_c
3232
_d
3232